000 00580nam a2200181Ia 4500
008 100920s9999 xx 000 0 und d
082 _b95159
_a891.463.1 न 06
100 _aआचार्य नयना.
245 _aकात्रजचा घाट.
260 _bपायल पब्लिकेशन, पुणे.
_c2006
300 _a168
_bसाधी
365 _b160
520 _aलघुकथा.
630 _aकात्रजचा घाट.
650 _aलघुकथा.
730 _aकात्रजचा घाट.
942 _cBOOK
999 _c735601
_d735598